000 00901nam a2200289 i 4500
001 000013148
003 DO-SdBNP
005 20260313134637.0
007 ta
008 091120s1983 dr 001 f spa d
040 _aDO-SdBNP
_bspa
_cBNPHU
_erda
041 _aspa
082 4 _aRD863.44
_bS489v
_222
100 1 _aSerulle, Haffe,
_d1947-
_eautor
_4auto.
_922959
245 1 3 _aEl vuelo de los imperios /
_cHaffe Serulle.
264 1 _aSanto Domingo :
_bEdiciones Gramil,
_c1983.
300 _a423 páginas ;
_c22 cm.
336 _atexto
_btxt
_2rdacontent
337 _asin mediación
_bn
_2rdamedia
338 _avolumen
_bnc
_2rdacarrier
500 _aIncluye datos biográficos del autor en la contracubierta
590 _aInventariado, 2019/VM
650 4 _aNovela dominicana
_9223
650 4 _aLiteratura dominicana.
_967
910 _aValidado. Control de calidad MFF
942 _2ddc
_cLBS1
999 _c12788
_d12788